Príručka na prijímacie skúšky : anglický jazyk

Salvato in:
Dettagli Bibliografici
Autore principale: Laskovičová, Tatiana
Ente Autore: Ekonomická univerzita v Bratislave. Fakulta aplikovaných jazykov
Altri autori: Ondrejová, Zuzana, 1953-, Stradiotová, Eva, 1963-
Natura: Libro
Lingua:inglese
slovacco
Pubblicazione: Bratislava Vydavateľstvo EKONÓM 2012
Edizione:1. vyd.
Soggetti:
Tags: Aggiungi Tag
Nessun Tag, puoi essere il primo ad aggiungerne!!

MARC

LEADER 00000nam a2200000 4500
001 0166159
005 20240502072909.3
020 |a 978-80-225-3576-2 
041 0 |a eng 
041 0 |a slo 
044 |a SK 
245 1 0 |a Príručka na prijímacie skúšky : anglický jazyk  |c Tatiana Laskovičová, Zuzana Ondrejová ; recenzentka Eva Stradiotová 
250 |a 1. vyd. 
264 1 |a Bratislava  |b Vydavateľstvo EKONÓM  |c 2012 
300 |a 69 s. [3,08 AH] 
610 2 0 |a jazykoveda 
610 2 0 |a terminológia 
610 2 0 |a jazyky cudzie 
100 1 |a Laskovičová, Tatiana 
700 1 |a Ondrejová, Zuzana, 1953- 
700 1 |a Stradiotová, Eva, 1963- 
710 2 |a Ekonomická univerzita v Bratislave. Fakulta aplikovaných jazykov